A guide for the study of exceptional children.
Saved in:
| Main Author: | |
|---|---|
| Format: | Book |
| Language: | English |
| Published: |
Boston,
Sargent
[c1956]
|
| Subjects: | |
| Tags: |
Add Tag
No Tags, Be the first to tag this record!
|
| LEADER | 00603cam a2200217I 4500 | ||
|---|---|---|---|
| 001 | 003106233-4 | ||
| 005 | 20160409022242.0 | ||
| 008 | 711229s1956 mau 000 0 eng d | ||
| 035 | 0 | |a ocm00188865 | |
| 035 | 0 | |a ocm00188865 |z ocm24076585 | |
| 040 | |a WSU |c WSU |d m.c. |d NRC |d NAM |d HMG | ||
| 082 | 0 | |a 371.9 |b .Ab8 | |
| 090 | |a LC3965 |b .A2 1956 | ||
| 100 | 1 | |a Abraham, Willard. | |
| 245 | 1 | 2 | |a A guide for the study of exceptional children. |
| 260 | |a Boston, |b Sargent |c [c1956] | ||
| 300 | |a xii, 276 p. |c 24 cm. | ||
| 650 | 1 | 2 | |a Child, Exceptional. |
| 650 | 0 | |a Exceptional children. | |
| 988 | |a 20020608 | ||
| 906 | |0 OCLC | ||


